[Event "ROM-chT"]
[Site "Mamaia"]
[Date "2024.09.30"]
[Round "3.5"]
[White "Padurariu, Mihai Edward"]
[Black "Itkis, Boris"]
[Result "0-1"]
[WhiteElo "2233"]
[BlackElo "2279"]
[PlyCount "90"]
[EventDate "2024.09.28"]
[EventType "team-tourn"]
[EventRounds "9"]
[EventCountry "ROU"]
[SourceTitle "EXT 2025"]
[Source "ChessBase"]
[SourceDate "2024.10.14"]
[SourceVersion "1"]
[SourceVersionDate "2024.10.14"]
[SourceQuality "1"]
[WhiteTeam "Ploiesti Univ"]
[BlackTeam "Techirghiol Sparta"]
[WhiteTeamCountry "ROU"]
[BlackTeamCountry "ROU"]

1. e4 e5 2. Bc4 Nf6 3. d3 Nc6 4. Nc3 Bb4 5. Nge2 d5 6. exd5 Nxd5 7. 0-0 Be6 8. Bxd5 Bxd5 9. f4 f6 10. fxe5 Nxe5 11. d4 Ng6 12. Nxd5 Qxd5 13. a3 Be7 14. Qd3 Rd8 15. b3 0-0 16. c4 Qd7 17. Bb2 c6 18. Qf3 Bd6 19. Rae1 Rfe8 20. Nc3 Re7 21. Ne4 Rde8 22. Nxd6 Qxd6 23. Rxe7 Rxe7 24. g3 Nf8 25. Rd1 Ne6 26. h4 Nc7 27. Bc1 Rd7 28. Kg2 Qe7 29. Bb2 Qe6 30. Rd2 Qd6 31. Re2 Re7 32. Rxe7 Qxe7 33. Kf2 Ne8 34. Qf4 Nd6 35. Kf3 h5 36. Bc3 Qd7 37. Kg2 Qe6 38. Kf3 b5 39. Bb4 bxc4 40. bxc4 Nxc4 41. Qe4 Kf7 42. Qd3 Qd5+ 43. Kf2 Ne5 44. Qc3 Ng4+ 45. Kg1 Qe4 0-1

[Event "Titled Tuesday intern op 22nd Aug Late"]
[Site "Chess.com INT"]
[Date "2023.08.22"]
[Round "6"]
[White "Bullen, Alex"]
[Black "Itkis, Boris"]
[Result "0-1"]
[WhiteElo "2128"]
[BlackElo "2312"]
[PlyCount "84"]
[EventDate "2023.08.22"]
[EventType "swiss (blitz)"]
[EventRounds "11"]
[EventCountry "USA"]
[SourceTitle "EXT 2024"]
[Source "ChessBase"]
[SourceDate "2023.10.10"]
[SourceVersion "1"]
[SourceVersionDate "2023.10.10"]
[SourceQuality "1"]

1. d4 d5 2. Nf3 Nf6 3. c4 e6 4. g3 Bb4+ 5. Bd2 a5 6. Bg2 0-0 7. 0-0 dxc4 8. Qc2 Bxd2 9. Nbxd2 b5 10. a4 c6 11. e3 Nd5 12. Ne5 f6 13. Nef3 Nd7 14. e4 Nb4 15. Qc3 Bb7 16. Rfd1 Qe7 17. b3 cxb3 18. Qxb3 Kh8 19. Bh3 Rfe8 20. Nh4 Nb6 21. e5 f5 22. Qf3 g6 23. Qf4 N4d5 24. Qh6 Qg7 25. Qxg7+ Kxg7 26. axb5 cxb5 27. Nb3 Na4 28. Rdc1 Rac8 29. Bg2 Rxc1+ 30. Rxc1 Ra8 31. Nc5 Nxc5 32. Rxc5 b4 33. Bxd5 Bxd5 34. Rc7+ Kh6 35. Ng2 a4 36. Nf4 a3 37. Nxd5 exd5 38. e6 a2 39. e7 a1Q+ 40. Kg2 Qxd4 41. h4 Qe4+ 42. Kh3 Qh1# 0-1

[Event "Titled Tuesday intern op 22nd Aug Early"]
[Site "Chess.com INT"]
[Date "2023.08.22"]
[Round "5"]
[White "Dardha, Daniel"]
[Black "Itkis, Boris"]
[Result "1-0"]
[WhiteElo "2598"]
[BlackElo "2312"]
[PlyCount "55"]
[EventDate "2023.08.22"]
[EventType "swiss (blitz)"]
[EventRounds "11"]
[EventCountry "USA"]
[SourceTitle "EXT 2024"]
[Source "ChessBase"]
[SourceDate "2023.10.10"]
[SourceVersion "1"]
[SourceVersionDate "2023.10.10"]
[SourceQuality "1"]

1. e4 e6 2. d4 d5 3. Nc3 Bb4 4. e5 c5 5. a3 Bxc3+ 6. bxc3 Ne7 7. Qg4 Qc7 8. Bd3 c4 9. Be2 Qa5 10. Bd2 Nf5 11. Qf4 Nc6 12. Bg4 Qa4 13. Ra2 Qb5 14. Bc1 Bd7 15. Nf3 Qa5 16. Bxf5 exf5 17. a4 h6 18. h4 0-0-0 19. h5 Be6 20. Kd2 Rd7 21. Ba3 a6 22. Rb1 Qd8 23. Qg3 Rg8 24. Bd6 f6 25. Rab2 fxe5 26. dxe5 Bf7 27. Rb6 Bxh5 28. Rxc6+ 1-0

[Event "Titled Tuesday intern op 22nd Aug Late"]
[Site "Chess.com INT"]
[Date "2023.08.22"]
[Round "10"]
[White "Ibadov, Dashgyn"]
[Black "Itkis, Boris"]
[Result "1-0"]
[WhiteElo "2360"]
[BlackElo "2312"]
[PlyCount "83"]
[EventDate "2023.08.22"]
[EventType "swiss (blitz)"]
[EventRounds "11"]
[EventCountry "USA"]
[SourceTitle "EXT 2024"]
[Source "ChessBase"]
[SourceDate "2023.10.10"]
[SourceVersion "1"]
[SourceVersionDate "2023.10.10"]
[SourceQuality "1"]

1. e4 e6 2. d4 d5 3. Nc3 Bb4 4. e5 c5 5. a3 Bxc3+ 6. bxc3 Ne7 7. h4 Nbc6 8. h5 h6 9. Qg4 Rg8 10. Bd3 Nf5 11. Nf3 c4 12. Bxf5 exf5 13. Qg3 Qa5 14. 0-0 Qxc3 15. Bd2 Qxc2 16. Bxh6 Be6 17. Bxg7 f4 18. Qg5 Qf5 19. h6 Ne7 20. Qxf5 Bxf5 21. g4 Bd3 22. Rfe1 Kd7 23. e6+ fxe6 24. Ne5+ Kd6 25. Nxd3 cxd3 26. Rad1 Ng6 27. Rxd3 Rac8 28. Kg2 Rc7 29. Kf3 b6 30. g5 Rcc8 31. Be5+ Kd7 32. Kg4 Rcf8 33. h7 Nxe5+ 34. dxe5 Rg7 35. Rh1 Rh8 36. Rdh3 Ke7 37. Rh6 b5 38. g6 a5 39. Kg5 b4 40. axb4 axb4 41. Rb1 Rf8 42. h8Q 1-0

[Event "Titled Tuesday intern op 22nd Aug Late"]
[Site "Chess.com INT"]
[Date "2023.08.22"]
[Round "7"]
[White "Itkis, Boris"]
[Black "Ghasi, Ameet K"]
[Result "1-0"]
[WhiteElo "2312"]
[BlackElo "2506"]
[PlyCount "103"]
[EventDate "2023.08.22"]
[EventType "swiss (blitz)"]
[EventRounds "11"]
[EventCountry "USA"]
[SourceTitle "EXT 2024"]
[Source "ChessBase"]
[SourceDate "2023.10.10"]
[SourceVersion "1"]
[SourceVersionDate "2023.10.10"]
[SourceQuality "1"]

1. d4 Nf6 2. Nc3 d6 3. e4 g6 4. Bg5 Bg7 5. e5 Nfd7 6. exd6 cxd6 7. Qd2 Nc6 8. Nf3 h6 9. Be3 Nf6 10. h3 a6 11. d5 Nb8 12. Bd3 b5 13. a3 Bb7 14. 0-0 Nbd7 15. Rfe1 Rc8 16. Bd4 0-0 17. Bf1 Re8 18. Rad1 Nb6 19. Bxf6 exf6 20. Rxe8+ Qxe8 21. Nd4 f5 22. Nc6 Bxc6 23. dxc6 Rxc6 24. Nxb5 axb5 25. Bxb5 d5 26. a4 d4 27. a5 Nc8 28. Re1 Qd7 29. a6 Na7 30. Bxc6 Qxc6 31. Re7 Qxa6 32. Qb4 Nc6 33. Re8+ Kh7 34. Qd6 Qc4 35. Rc8 Qxc2 36. Rxc6 Qxb2 37. Rc7 Qb3 38. Qe7 d3 39. Qxf7 Qb2 40. Rd7 d2 41. Qd5 Qa1+ 42. Kh2 Qf6 43. Qxd2 h5 44. g3 h4 45. Qd5 hxg3+ 46. fxg3 Qb2+ 47. Qd2 Qf6 48. h4 Qe5 49. Rb7 Qf6 50. Qd7 Qc3 51. Qe7 f4 52. gxf4 1-0

[Event "Titled Tuesday intern op 22nd Aug Early"]
[Site "Chess.com INT"]
[Date "2023.08.22"]
[Round "6"]
[White "Itkis, Boris"]
[Black "Kekic, Armin"]
[Result "1-0"]
[WhiteElo "2312"]
[BlackElo "2139"]
[PlyCount "51"]
[EventDate "2023.08.22"]
[EventType "swiss (blitz)"]
[EventRounds "11"]
[EventCountry "USA"]
[SourceTitle "EXT 2024"]
[Source "ChessBase"]
[SourceDate "2023.10.10"]
[SourceVersion "1"]
[SourceVersionDate "2023.10.10"]
[SourceQuality "1"]

1. d4 d5 2. Nc3 Nf6 3. Bf4 e6 4. Nb5 Na6 5. e3 c6 6. Nc3 Nc7 7. Nf3 Bd6 8. Ne5 0-0 9. Bd3 h6 10. g4 c5 11. h4 cxd4 12. exd4 Nd7 13. Nxf7 Rxf7 14. Bxd6 Qf6 15. Qe2 Ne8 16. Bg3 Nb6 17. 0-0-0 Qf3 18. Qxf3 Rxf3 19. g5 hxg5 20. hxg5 Nc4 21. Bg6 Bd7 22. Rh4 Kf8 23. Rf4+ Rxf4 24. Bxf4 Ned6 25. b3 Nb5 26. Nxb5 1-0

[Event "Titled Tuesday intern op 22nd Aug Late"]
[Site "Chess.com INT"]
[Date "2023.08.22"]
[Round "8"]
[White "Itkis, Boris"]
[Black "Papayan, Oleg"]
[Result "0-1"]
[WhiteElo "2312"]
[BlackElo "2197"]
[PlyCount "96"]
[EventDate "2023.08.22"]
[EventType "swiss (blitz)"]
[EventRounds "11"]
[EventCountry "USA"]
[SourceTitle "EXT 2024"]
[Source "ChessBase"]
[SourceDate "2023.10.10"]
[SourceVersion "1"]
[SourceVersionDate "2023.10.10"]
[SourceQuality "1"]

1. d4 Nf6 2. Nc3 d5 3. Bf4 c6 4. e3 h5 5. Bd3 h4 6. h3 e6 7. Nf3 Nh5 8. Bh2 Nd7 9. 0-0 Nhf6 10. Re1 Bb4 11. a3 Ba5 12. b4 Bc7 13. e4 Bxh2+ 14. Nxh2 dxe4 15. Nxe4 Nxe4 16. Bxe4 Nf6 17. Bf3 Kf8 18. c3 Bd7 19. Ng4 Nxg4 20. Bxg4 a5 21. Bf3 Rh6 22. Qd2 Kg8 23. c4 Rf6 24. Be4 Qc7 25. Rac1 axb4 26. axb4 Qf4 27. Re3 Ra3 28. Bf3 Ra8 29. Qd3 Ra2 30. Rd1 Qd6 31. Qb3 Ra8 32. Ree1 Rf4 33. Qe3 Ra2 34. d5 exd5 35. cxd5 Qxb4 36. dxc6 Bxc6 37. Bxc6 bxc6 38. Rb1 Qd6 39. Red1 Qf6 40. Rb8+ Kh7 41. Qd3+ g6 42. Qd8 Qxd8 43. Rdxd8 Rfxf2 44. Rh8+ Kg7 45. Rxh4 Rxg2+ 46. Kf1 Rgf2+ 47. Ke1 Rh2 48. Rb1 Rh1# 0-1

[Event "Titled Tuesday intern op 15th Aug Early"]
[Site "Chess.com INT"]
[Date "2023.08.15"]
[Round "4"]
[White "Aung, Thant Zin"]
[Black "Itkis, Boris"]
[Result "0-1"]
[WhiteElo "2268"]
[BlackElo "2312"]
[PlyCount "98"]
[EventDate "2023.08.15"]
[EventType "swiss (blitz)"]
[EventRounds "11"]
[EventCountry "USA"]
[SourceTitle "EXT 2024"]
[Source "ChessBase"]
[SourceDate "2023.10.10"]
[SourceVersion "1"]
[SourceVersionDate "2023.10.10"]
[SourceQuality "1"]

1. e4 e6 2. d4 d5 3. Nc3 Bb4 4. exd5 exd5 5. Bd3 Nf6 6. Nge2 0-0 7. 0-0 c6 8. Bg5 h6 9. Bh4 Re8 10. a3 Bxc3 11. bxc3 g5 12. Bg3 Ne4 13. f3 Nxg3 14. Nxg3 Qf6 15. f4 g4 16. Qd2 Na6 17. f5 Qg5 18. Qxg5+ hxg5 19. Nh5 Kf8 20. Nf6 Rd8 21. Nxg4 Nc7 22. Rae1 Ne8 23. Re3 Kg7 24. Rfe1 Nf6 25. h3 Nxg4 26. hxg4 Bd7 27. Re7 Kf6 28. Kf2 b5 29. R1e3 a5 30. R7e5 Rab8 31. Rh3 Rh8 32. Kg3 Rxh3+ 33. gxh3 b4 34. cxb4 axb4 35. axb4 Rxb4 36. c3 Rb3 37. h4 Rxc3 38. hxg5+ Kxg5 39. Re3 c5 40. Kf2 cxd4 41. Rg3 Ra3 42. Ke2 Kf4 43. Rg1 Ra2+ 44. Kf1 Ke3 45. Rg3+ Kf4 46. Rg1 Ra1+ 47. Kg2 Rxg1+ 48. Kxg1 Kxg4 49. Kf2 Kf4 0-1

[Event "Titled Tuesday intern op 15th Aug Early"]
[Site "Chess.com INT"]
[Date "2023.08.15"]
[Round "1"]
[White "Itkis, Boris"]
[Black "Demidov, Mikhail"]
[Result "0-1"]
[WhiteElo "2312"]
[BlackElo "2566"]
[PlyCount "100"]
[EventDate "2023.08.15"]
[EventType "swiss (blitz)"]
[EventRounds "11"]
[EventCountry "USA"]
[SourceTitle "EXT 2024"]
[Source "ChessBase"]
[SourceDate "2023.10.10"]
[SourceVersion "1"]
[SourceVersionDate "2023.10.10"]
[SourceQuality "1"]

1. c4 g6 2. Nf3 Bg7 3. d4 d6 4. g3 e5 5. dxe5 dxe5 6. Qxd8+ Kxd8 7. Nc3 f6 8. b3 Be6 9. Bb2 Nd7 10. 0-0-0 c6 11. Bg2 Kc7 12. e3 Nh6 13. Nd2 Nf7 14. h4 h5 15. Nde4 Rhd8 16. Rd2 f5 17. Ng5 Nxg5 18. hxg5 Nc5 19. Rhd1 Rxd2 20. Rxd2 Rd8 21. Rxd8 Kxd8 22. Kd2 e4 23. Nd1 Bxb2 24. Nxb2 Bf7 25. f4 exf3 26. Bxf3 Ne6 27. Nd3 Nxg5 28. Bg2 Be8 29. Kc3 Ke7 30. a4 Ne6 31. c5 Kf6 32. b4 a6 33. Nb2 a5 34. Nc4 axb4+ 35. Kxb4 Nd8 36. Nd6 Bf7 37. Ka5 Bb3 38. Kb6 Bxa4 39. Nxb7 Nxb7 40. Kxb7 g5 41. Bxc6 Bxc6+ 42. Kxc6 h4 43. gxh4 gxh4 44. Kd7 h3 45. c6 h2 46. c7 h1Q 47. c8Q Qd5+ 48. Ke8 Qg8+ 49. Kd7 Qe6+ 50. Kd8 Qe7# 0-1

[Event "Titled Tuesday intern op 15th Aug Late"]
[Site "Chess.com INT"]
[Date "2023.08.15"]
[Round "4"]
[White "Itkis, Boris"]
[Black "Linster, Philippe"]
[Result "1-0"]
[WhiteElo "2312"]
[BlackElo "2303"]
[PlyCount "49"]
[EventDate "2023.08.15"]
[EventType "swiss (blitz)"]
[EventRounds "11"]
[EventCountry "USA"]
[SourceTitle "EXT 2024"]
[Source "ChessBase"]
[SourceDate "2023.10.10"]
[SourceVersion "1"]
[SourceVersionDate "2023.10.10"]
[SourceQuality "1"]

1. c4 e5 2. Nf3 e4 3. Nd4 Nc6 4. e3 Nf6 5. Nc3 Bc5 6. Nde2 Ne5 7. Ng3 Nd3+ 8. Bxd3 exd3 9. a3 a5 10. 0-0 d6 11. b3 h5 12. Bb2 Qe7 13. Qf3 h4 14. Nf5 Bxf5 15. Qxf5 h3 16. g3 Nd7 17. Nd5 Qd8 18. Bxg7 Rg8 19. Bf6 Qc8 20. Qe4+ Ne5 21. Bxe5 dxe5 22. Qxe5+ Kd7 23. Nf6+ Kd8 24. Qxc5 Rg6 25. Qf8# 1-0

[Event "Titled Tuesday intern op 15th Aug Late"]
[Site "Chess.com INT"]
[Date "2023.08.15"]
[Round "2"]
[White "Itkis, Boris"]
[Black "Sariego Figueredo, Wilfredo"]
[Result "1-0"]
[WhiteElo "2312"]
[BlackElo "2318"]
[PlyCount "81"]
[EventDate "2023.08.15"]
[EventType "swiss (blitz)"]
[EventRounds "11"]
[EventCountry "USA"]
[SourceTitle "EXT 2024"]
[Source "ChessBase"]
[SourceDate "2023.10.10"]
[SourceVersion "1"]
[SourceVersionDate "2023.10.10"]
[SourceQuality "1"]

1. c4 c6 2. Nf3 d5 3. g3 Nf6 4. Bg2 g6 5. b3 Bg7 6. Bb2 0-0 7. 0-0 dxc4 8. bxc4 Bg4 9. d3 Nbd7 10. Nbd2 Re8 11. h3 Bf5 12. g4 Be6 13. Ng5 Nf8 14. Nxe6 Nxe6 15. Rb1 Qd7 16. Nf3 Nf4 17. Ne5 Qc7 18. Qd2 Nxg2 19. Kxg2 b6 20. f4 Rad8 21. Nf3 h5 22. Be5 Qd7 23. g5 Nh7 24. Bxg7 Kxg7 25. Ne5 Qe6 26. Qc3 Kg8 27. Rbe1 Nf8 28. e4 Nd7 29. Nf3 Nc5 30. Re3 Qd6 31. d4 Nb7 32. f5 c5 33. d5 Qd7 34. Ne5 Qd6 35. Nxf7 Kxf7 36. e5 Qc7 37. e6+ Kg8 38. fxg6 Nd6 39. Rf7 Nxf7 40. gxf7+ Kh7 41. Qd3+ 1-0

[Event "Titled Tuesday intern op 15th Aug Late"]
[Site "Chess.com INT"]
[Date "2023.08.15"]
[Round "1"]
[White "Kollars, Dmitrij"]
[Black "Itkis, Boris"]
[Result "1-0"]
[WhiteElo "2628"]
[BlackElo "2312"]
[PlyCount "65"]
[EventDate "2023.08.15"]
[EventType "swiss (blitz)"]
[EventRounds "11"]
[EventCountry "USA"]
[SourceTitle "EXT 2024"]
[Source "ChessBase"]
[SourceDate "2023.10.10"]
[SourceVersion "1"]
[SourceVersionDate "2023.10.10"]
[SourceQuality "1"]

1. e4 e6 2. d4 d5 3. Nd2 c5 4. Ngf3 cxd4 5. Nxd4 Nc6 6. Bb5 Bd7 7. Nxc6 bxc6 8. Bd3 Bd6 9. Qe2 e5 10. c4 d4 11. c5 Bxc5 12. Nc4 Qe7 13. 0-0 Nf6 14. f4 exf4 15. Bxf4 Ng4 16. e5 0-0 17. Rae1 Ne3 18. Nxe3 dxe3 19. Kh1 Be6 20. Qh5 g6 21. Qh6 Rfe8 22. Bxe3 Bxe3 23. Rxe3 Qf8 24. Qg5 Bd5 25. h4 Re6 26. h5 Rae8 27. hxg6 hxg6 28. Rf6 Qg7 29. Kg1 Qf8 30. Bxg6 Rxf6 31. exf6 Rxe3 32. Bf5+ Kh8 33. Qh5+ 1-0

[Event "Titled Tuesday intern op 15th Aug Late"]
[Site "Chess.com INT"]
[Date "2023.08.15"]
[Round "3"]
[White "Kuzmicz, Krystian"]
[Black "Itkis, Boris"]
[Result "1-0"]
[WhiteElo "2466"]
[BlackElo "2312"]
[PlyCount "91"]
[EventDate "2023.08.15"]
[EventType "swiss (blitz)"]
[EventRounds "11"]
[EventCountry "USA"]
[SourceTitle "EXT 2024"]
[Source "ChessBase"]
[SourceDate "2023.10.10"]
[SourceVersion "1"]
[SourceVersionDate "2023.10.10"]
[SourceQuality "1"]

1. e4 e6 2. b3 d5 3. Bb2 dxe4 4. Nc3 Nf6 5. Qe2 Nc6 6. 0-0-0 Nd4 7. Qe1 Be7 8. d3 exd3 9. Bxd3 c5 10. Nf3 Nxf3 11. gxf3 Qa5 12. Rg1 0-0 13. Rxg7+ Kxg7 14. Qg1+ Kh8 15. Ne4 e5 16. Bxe5 Qb6 17. Qg5 Rg8 18. Qh4 Rg6 19. Ng5 Kg8 20. Bxg6 hxg6 21. Rd6 Qxd6 22. Bxd6 Bxd6 23. Qc4 Be6 24. Nxe6 Re8 25. Ng5 Re7 26. Ne4 Nxe4 27. fxe4 Kg7 28. h3 b6 29. f3 Be5 30. c3 Rd7 31. Kc2 Bf4 32. b4 Rd2+ 33. Kb3 cxb4 34. Qxb4 Rf2 35. Qa4 Rxf3 36. Qxa7 Be5 37. Qxb6 Rxc3+ 38. Kb4 Rxh3 39. a4 Rh4 40. Qc6 Rh3 41. a5 Bc3+ 42. Ka4 Bxa5 43. Kxa5 g5 44. Qd5 Kg6 45. Qf5+ Kg7 46. Qxh3 1-0

[Event "Titled Tuesday intern op 15th Aug Early"]
[Site "Chess.com INT"]
[Date "2023.08.15"]
[Round "6"]
[White "Sipila, Vilka"]
[Black "Itkis, Boris"]
[Result "1-0"]
[WhiteElo "2435"]
[BlackElo "2312"]
[PlyCount "37"]
[EventDate "2023.08.15"]
[EventType "swiss (blitz)"]
[EventRounds "11"]
[EventCountry "USA"]
[SourceTitle "EXT 2024"]
[Source "ChessBase"]
[SourceDate "2023.10.10"]
[SourceVersion "1"]
[SourceVersionDate "2023.10.10"]
[SourceQuality "1"]

1. d4 d5 2. Bf4 Nf6 3. Nf3 c5 4. e3 Nc6 5. Nbd2 Nh5 6. Bg5 h6 7. Bh4 g5 8. Ne5 Nxe5 9. dxe5 Ng7 10. Bg3 Ne6 11. h4 Bg7 12. hxg5 hxg5 13. Rxh8+ Bxh8 14. Qh5 Bg7 15. 0-0-0 Qc7 16. Nf3 d4 17. Nxg5 Nxg5 18. Qxg5 Bf8 19. Bb5+ 1-0

[Event "Iasi Sadoveanu Memorial"]
[Site "Iasi"]
[Date "2023.08.05"]
[Round "8"]
[White "Itkis, Boris"]
[Black "Ienasoaie, Gabriel"]
[Result "0-1"]
[WhiteElo "2312"]
[BlackElo "1773"]
[PlyCount "58"]
[EventDate "2023.08.01"]
[EventType "swiss"]
[EventRounds "9"]
[EventCountry "ROU"]
[SourceTitle "CBM 215 Extra"]
[Source "ChessBase"]
[SourceDate "2023.09.30"]
[SourceVersion "1"]
[SourceVersionDate "2023.09.30"]
[SourceQuality "1"]

1. d4 f5 2. Nc3 Nf6 3. Bg5 e6 4. e4 fxe4 5. Nxe4 Be7 6. Bxf6 Bxf6 7. Qh5+ g6 8. Qh6 Nc6 9. c3 d6 10. Bb5 Bd7 11. Nf3 Qe7 12. Nxf6+ Qxf6 13. 0-0-0 0-0-0 14. Rhe1 a6 15. Ba4 Rhe8 16. Bc2 e5 17. dxe5 Nxe5 18. Nxe5 Rxe5 19. Rxe5 Qxe5 20. Qxh7 g5 21. Qg6 g4 22. g3 Rh8 23. Rh1 Kb8 24. Be4 Re8 25. Bg2 Bf5 26. Qg5 Qb5 27. Rd1 Re2 28. Rd2 Re1+ 29. Rd1 Rxd1+ 0-1

[Event "Iasi Sadoveanu Memorial"]
[Site "Iasi"]
[Date "2023.08.04"]
[Round "7"]
[White "Stoleriu, George"]
[Black "Itkis, Boris"]
[Result "1-0"]
[WhiteElo "2398"]
[BlackElo "2312"]
[PlyCount "75"]
[EventDate "2023.08.01"]
[EventType "swiss"]
[EventRounds "9"]
[EventCountry "ROU"]
[SourceTitle "CBM 215 Extra"]
[Source "ChessBase"]
[SourceDate "2023.09.30"]
[SourceVersion "1"]
[SourceVersionDate "2023.09.30"]
[SourceQuality "1"]

1. e4 d6 2. d4 Nf6 3. Nc3 g6 4. h3 Bg7 5. Be3 0-0 6. Nf3 a6 7. a4 Nc6 8. Be2 e5 9. d5 Ne7 10. Nd2 Ne8 11. g4 f5 12. f3 Nf6 13. Nc4 Bd7 14. a5 Kh8 15. Qd2 Bb5 16. Ra3 Qd7 17. Rb3 fxe4 18. fxe4 Nc8 19. Rf1 Bxc4 20. Bxc4 b5 21. axb6 cxb6 22. Be2 b5 23. g5 Nh5 24. Rxf8+ Bxf8 25. Bg4 Qd8 26. Ne2 Nb6 27. Qa5 Nc4 28. Qxd8 Rxd8 29. Bxh5 gxh5 30. Ng3 Be7 31. h4 Rd7 32. Nxh5 Bd8 33. Bc1 Rf7 34. Ng3 Rb7 35. Rf3 Kg8 36. Nf5 Rd7 37. b3 Ba5+ 38. c3 1-0

[Event "Iasi Sadoveanu Memorial"]
[Site "Iasi"]
[Date "2023.08.02"]
[Round "2"]
[White "Pintilie, Dimitrie"]
[Black "Itkis, Boris"]
[Result "0-1"]
[WhiteElo "1516"]
[BlackElo "2312"]
[PlyCount "88"]
[EventDate "2023.08.01"]
[EventType "swiss"]
[EventRounds "9"]
[EventCountry "ROU"]
[SourceTitle "CBM 215 Extra"]
[Source "ChessBase"]
[SourceDate "2023.09.30"]
[SourceVersion "1"]
[SourceVersionDate "2023.09.30"]
[SourceQuality "1"]

1. d4 Nf6 2. Bf4 g6 3. Nd2 Bg7 4. e4 d6 5. h3 0-0 6. c3 Nc6 7. Ngf3 Nh5 8. Be3 e5 9. Bc4 Nf6 10. 0-0 exd4 11. Nxd4 Re8 12. f3 Ne5 13. Bb3 Bd7 14. a4 a6 15. Qc2 c5 16. Ne2 b5 17. c4 b4 18. Nf4 Nc6 19. Nd5 Nxd5 20. cxd5 Nd4 21. Qd3 f5 22. Bf4 Qf6 23. Nc4 fxe4 24. fxe4 Nxb3 25. Be5 Qe7 26. Bxg7 Nxa1 27. Bh6 Qxe4 28. Qxe4 Rxe4 29. Nxd6 Rd4 30. Rf7 Be6 31. Rg7+ Kh8 32. dxe6 Rxd6 33. e7 Rf6 34. h4 Re8 35. g4 Nc2 36. h5 gxh5 37. g5 Rf5 38. g6 hxg6 39. Rxg6 Rxe7 40. Rxa6 Kh7 41. Kh2 Nd4 42. Bc1 Re1 43. Bh6 Ne6 44. Bc1 Rfe5 0-1

[Event "Titled Tuesday intern op 25th Jul Early"]
[Site "Chess.com INT"]
[Date "2023.07.25"]
[Round "2"]
[White "Itkis, Boris"]
[Black "Abdi, Farzad"]
[Result "1-0"]
[WhiteElo "2317"]
[BlackElo "2068"]
[PlyCount "77"]
[EventDate "2023.07.25"]
[EventType "swiss (blitz)"]
[EventRounds "11"]
[EventCountry "USA"]
[SourceTitle "EXT 2024"]
[Source "ChessBase"]
[SourceDate "2023.10.10"]
[SourceVersion "1"]
[SourceVersionDate "2023.10.10"]
[SourceQuality "1"]

1. c4 e5 2. Nf3 e4 3. Nd4 Nc6 4. e3 Nf6 5. Nc3 Bb4 6. Qb3 Nxd4 7. exd4 Bxc3 8. dxc3 d6 9. Qc2 Bg4 10. h3 Bh5 11. Bg5 h6 12. Bxf6 Qxf6 13. Be2 Bxe2 14. Qxe2 0-0 15. 0-0 Qh4 16. Rae1 f5 17. f3 Rae8 18. fxe4 Rxe4 19. Qf2 Qxf2+ 20. Kxf2 Rfe8 21. Rxe4 Rxe4 22. Kf3 Kf7 23. a4 g5 24. a5 Rf4+ 25. Ke2 Rxf1 26. Kxf1 c5 27. b4 a6 28. Ke2 Ke6 29. Ke3 h5 30. g3 Kf6 31. Kf3 Ke6 32. h4 gxh4 33. gxh4 Kf6 34. Kf4 Kg6 35. bxc5 dxc5 36. Ke5 Kf7 37. Kxf5 Ke7 38. Ke5 Kd7 39. Kd5 1-0

[Event "Titled Tuesday intern op 25th Jul Early"]
[Site "Chess.com INT"]
[Date "2023.07.25"]
[Round "7"]
[White "Nagare, Kaivalya Sandip"]
[Black "Itkis, Boris"]
[Result "1-0"]
[WhiteElo "2071"]
[BlackElo "2317"]
[PlyCount "121"]
[EventDate "2023.07.25"]
[EventType "swiss (blitz)"]
[EventRounds "11"]
[EventCountry "USA"]
[SourceTitle "EXT 2024"]
[Source "ChessBase"]
[SourceDate "2023.10.10"]
[SourceVersion "1"]
[SourceVersionDate "2023.10.10"]
[SourceQuality "1"]

1. e4 e6 2. d4 d5 3. Nc3 Bb4 4. e5 c5 5. a3 Bxc3+ 6. bxc3 Ne7 7. Nf3 b6 8. a4 Ba6 9. Bxa6 Nxa6 10. 0-0 Rc8 11. Qd3 Nb8 12. Ng5 h6 13. Nh3 Qc7 14. Ba3 Nbc6 15. Nf4 Na5 16. Nh5 Kf8 17. dxc5 bxc5 18. f4 Nc4 19. Bc1 g6 20. Nf6 Ng8 21. Ng4 h5 22. Ne3 Nxe3 23. Bxe3 Ne7 24. Rfb1 Kg7 25. Rb5 d4 26. cxd4 cxd4 27. Bxd4 Rhd8 28. c3 Nd5 29. Rc5 Qd7 30. Rxc8 Rxc8 31. Qb5 Qc7 32. f5 gxf5 33. Qe2 Nxc3 34. Qxh5 Ne4 35. Qe2 Qc4 36. Qxc4 Rxc4 37. Bxa7 Kg6 38. a5 Nc3 39. a6 f4 40. Bf2 Nb5 41. a7 Nxa7 42. Bxa7 Kf5 43. Re1 Ra4 44. Bf2 Ra5 45. h4 Kg4 46. Rb1 Rxe5 47. Rb8 Rh5 48. Rg8+ Kf5 49. Rg7 f6 50. Kf1 e5 51. Ke2 e4 52. Rb7 Kg4 53. Re7 e3 54. Be1 Rb5 55. Rg7+ Kh5 56. Kf3 Rb1 57. Bc3 Rf1+ 58. Ke4 Kxh4 59. Kf5 e2 60. Bxf6+ Kh5 61. Rh7# 1-0

[Event "Titled Tuesday intern op 11th Jul Early"]
[Site "Chess.com INT"]
[Date "2023.07.11"]
[Round "1"]
[White "Itkis, Boris"]
[Black "Mahdavi, Reza"]
[Result "0-1"]
[WhiteElo "2317"]
[BlackElo "2302"]
[PlyCount "46"]
[EventDate "2023.07.11"]
[EventType "swiss (blitz)"]
[EventRounds "11"]
[EventCountry "USA"]
[SourceTitle "EXT 2024"]
[Source "ChessBase"]
[SourceDate "2023.10.10"]
[SourceVersion "1"]
[SourceVersionDate "2023.10.10"]
[SourceQuality "1"]

1. c4 e5 2. Nc3 Nf6 3. Nf3 Nc6 4. e4 Bc5 5. Nxe5 Nxe5 6. d4 Bb4 7. dxe5 Nxe4 8. Qf3 Nxc3 9. bxc3 Ba5 10. Bf4 0-0 11. 0-0-0 Qe7 12. Kb2 Bb6 13. Bd3 a5 14. h4 a4 15. h5 a3+ 16. Ka1 Ra5 17. Qe4 f5 18. Qf3 c6 19. g4 d5 20. exd6 Qf6 21. Bc2 fxg4 22. Qd3 Bf5 23. Qxf5 Rxf5 0-1

[Event "Titled Tuesday intern op 11th Jul Early"]
[Site "Chess.com INT"]
[Date "2023.07.11"]
[Round "4"]
[White "Itkis, Boris"]
[Black "Tarnowska, Aleksandra"]
[Result "1-0"]
[WhiteElo "2317"]
[BlackElo "1835"]
[PlyCount "51"]
[EventDate "2023.07.11"]
[EventType "swiss (blitz)"]
[EventRounds "11"]
[EventCountry "USA"]
[SourceTitle "EXT 2024"]
[Source "ChessBase"]
[SourceDate "2023.10.10"]
[SourceVersion "1"]
[SourceVersionDate "2023.10.10"]
[SourceQuality "1"]

1. c4 e5 2. Nc3 Nf6 3. Nf3 Nc6 4. e4 Bb4 5. d3 d6 6. a3 Bxc3+ 7. bxc3 Bg4 8. g3 Qd7 9. h3 Bxf3 10. Qxf3 Na5 11. Qd1 Qc6 12. Bg2 h5 13. 0-0 h4 14. g4 Qd7 15. f4 exf4 16. Bxf4 Qe7 17. Bg5 Qe6 18. Qa4+ Nc6 19. Bxf6 gxf6 20. Rab1 Qc8 21. e5 fxe5 22. Rxb7 Qxb7 23. Bxc6+ Qxc6 24. Qxc6+ Ke7 25. Qxc7+ Ke6 26. Qxf7# 1-0